| LEADER | 00993cmm a2200349 i 4500 | ||
|---|---|---|---|
| 001 | 000044713 | ||
| 003 | 3121 | ||
| 005 | 20030508103729.0 | ||
| 008 | 010313|1989 vm 000 vie | ||
| 040 | |a IRC |c IRC |d IRC | ||
| 041 | 0 | |a vie | |
| 082 | 1 | 4 | |a 491.7 |b PH-T |
| 100 | 1 | |a Phạm Thị Mai Thảo. | |
| 245 | 0 | 0 | |a Ý nghĩa và chức năng cú pháp của danh từ cách một trong câu |h [Thesis-Luận văn] / |c Phạm Thị Mai Thảo thực hiện ; Đỗ Xuân Sáu hướng dẫn. |
| 260 | |a Đà Nẵng, |c 1989. | ||
| 300 | |a 68Tr. ; |c 25,5cm. | ||
| 630 | 0 | 4 | |a Ngữ pháp. |
| 630 | 0 | 4 | |a Khoá luận. |
| 630 | 0 | 4 | |a Nga ngữ. |
| 630 | 0 | 4 | |a Danh từ. |
| 650 | 0 | 4 | |a Nga ngữ |x Ngữ pháp. |
| 700 | 1 | |a Đỗ Xuân Sáu, |e hướng dẫn. | |
| OWN | |a DUT | ||
| 999 | |a From the UDN01 | ||
| TYP | |a Computer file | ||
| TYP | |a Monograph | ||
| 980 | |a Mạng thư viện Đại học Đà Nẵng | ||